| 000 | 00524nam a2200169 i 4500 | ||
|---|---|---|---|
| 001 | 41425 | ||
| 003 | ES-MaACL | ||
| 005 | 20230906160428.0 | ||
| 007 | t| | ||
| 008 | 030310s1961 sp ||||1| spa d | ||
| 100 | 1 |
_aCastelfranchi, Giuseppe. _936483 |
|
| 245 | 1 | 0 |
_aInstalaciones eléctricas / _cGiuseppe Castelfranchi ; versión por Gaudencio Zoppetti. |
| 260 |
_aBarcelona : _bGustavo Gili, _c1961. |
||
| 300 |
_a419 p. ; _c22 cm. |
||
| 700 | 1 |
_aZoppetti Judez, Gaudencio. _9118343 |
|
| 852 |
_aES-MaACL _jC-20378 _bR.48207 |
||
| 999 |
_c41425 _d41425 |
||